000 01238nam a2200337 4500
003 EG-GICUC
005 20260121101205.0
008 251110s1977 ua ||||fr|||| 00| 0 ara d
017 _a1977/5544
040 _a EG-GICUC
_bara
_c EG-GICUC
_d EG-GICUC
_erda
041 0 _aara
082 0 4 _221
_a341.8
_bف ؤ . و
092 0 4 _221
099 _aLaw1 12 341.8 ف ؤ . و 1977
100 0 _aفؤاد عبدالمنعم رياض
_eمؤلف.
245 1 2 _aالوسيط في القانون الدولي الخاص:
_nالجزء الاول،
_pالجنسية/
_cفؤاد عبدالمنعم رياض.
264 1 _aالقاهرة :
_bدار النهضة العربية،
_c1977.
300 _a؛421صفحة
_c24 سم
336 _2rda content
_atext
337 _2rda media
_aComputer
338 _2rda carrier
_aOnline Resource
504 _a. 240-220 ببليوجرافيا: صفحات.
546 _aالنص باللغة العربية
650 1 _aقانون دولي خاص
_2qrmak
650 1 _aالجنسية
_2قانون دولي
650 1 _aمركز الأجانب
_2مركز قانوني
651 1 _2qrmak
856 4 0 _uhttps://fll.law.cu.edu.eg/fulltext/bks/B12-00669.pdf
905 _a59
942 _2ddc
_n0
_cBK
_e21
999 _c42268
_d42268